000
00257nam a2200085Ia 4500
245
0
_a
William Shakespeare's A midsummer night's dream
100
_a
Conner, Daniel Edina, MN, [c.2009]
_9
79301
942
_c
BK
008
210818s9999 xx 000 0 und d
999
_c
448398
_d
448397